| 000 | 01618nam a2200325Ia 4500 | ||
|---|---|---|---|
| 001 | ebr10135708 | ||
| 003 | CaPaEBR | ||
| 006 | m u | ||
| 007 | cr cn||||||||| | ||
| 008 | 010122s2001 nyu sb 001 0 eng d | ||
| 010 | _z 2001021862 | ||
| 020 | _z1403982538 | ||
| 020 | _z0312239017 (cloth) | ||
| 040 |
_aCaPaEBR _cCaPaEBR |
||
| 035 | _a(OCoLC)560470064 | ||
| 050 | 1 | 4 |
_aKZ6368 _b.G59 2001eb |
| 082 | 0 | 4 |
_a341.5/84 _221 |
| 100 | 1 |
_aGlennon, Michael J., _d1947- |
|
| 245 | 1 | 0 |
_aLimits of law, prerogatives of power _h[electronic resource] : _binterventionism after Kosovo / _cMichael J. Glennon. |
| 260 |
_aNew York : _bPalgrave, _c2001. |
||
| 300 | _ax, 250 p. | ||
| 504 | _aIncludes bibliographical references and index. | ||
| 505 | 0 | _a1. Kosovo and the Unites Nations Charter -- 2. The Effect of State Practice on the Charter -- 3. State Practice: The Charter and Interstate Violence -- 4. Security Council Practice: The Charter and Intrastate Violence -- 5. The Collapse of Consent: Is a Legalist Use-of-Force Regime Possible? -- 6. The International Parallel Universe: Is a Legalist Use-of-Force Regime Desirable? -- 7. Conclusion. | |
| 533 |
_aElectronic reproduction. _bPalo Alto, Calif. : _cebrary, _d2009. _nAvailable via World Wide Web. _nAccess may be limited to ebrary affiliated libraries. |
||
| 650 | 0 | _aIntervention (International law) | |
| 650 | 0 | _aKosovo War, 1998-1999. | |
| 655 | 7 |
_aElectronic books. _2local |
|
| 710 | 2 | _aebrary, Inc. | |
| 856 | 4 | 0 |
_uhttp://site.ebrary.com/lib/rucke/Doc?id=10135708 _zAn electronic book accessible through the World Wide Web; click to view |
| 999 |
_c189308 _d189308 |
||